BIBLIOTHÈQUE DE LA MAISON DU MEXIQUE

Logo 1 Logo 2

Epistolario (notice nᵒ 3000)

détails MARC
000 -Sello discográfico
campo de control de longitud fija 00987nam a2200289 4500
005 - Identificación de versión
campo de control 20260206114736.0
035 ## - Otros números de control del sistema
Número de control del sistema 24420
099 ## - fechas locales
Tipo de ítem Koha LIBRO
100 ## - Datos de procesamiento general
Datos de procesamiento general 19980304d1966 m y1spay5003 ba
101 ## - Idioma del recurso
Idioma del texto, banda sonora, etc. Español; Castellano
105 ## - Campo de datos codificados: Material textual, monográfico
Datos codificados de monografía y 001zb
200 1# - Título y mención de responsabilidad
Título propio Epistolario
Designación general del material texto impreso
Otra información del título 1910
Primer mención de responsabilidad Francisco I. Madero
Declaración de responsabilidad subsiguiente edición Agustín Yáñez, Catalina Sierra
210 ## - Publicación, distribución, etc.
Lugar de publicación, distribución, etc. México
Nombre del editor, distribuidor, etc. Secretaría de Hacienda y Crédito Público
Fecha de publicación, distribución, etc. 1966
215 ## - Descripción física
Designación de material específico y extensión del ítem 339 p
Dimensiones 32 cm
300 ## - Notas generales
Texto de la nota Incluye índice onomástico
345 ## - Nota de información de adquisición
Fuente de adquisición/dirección de la suscripción [OBSOLETO] Donación
410 #1 - Series
Título Archivo de Don Francisco I. Madero
Número de volumen 3
607 ## - Nombre geográfico utilizado como tema
Elemento de entrada México
Subdivisión temática Historia
Subdivisión cronológica Revolución, 1910-1920
Subdivisión temática Fuentes
Número Koha 3575
660 ## - Código de área geográfica
Código MX
700 ## - Nombre personal - Responsabilidad primaria
Elemento de entrada Madero
Parte del nombre distinta del elemento de entrada Francisco Indalecio
Fechas 1873-1913
Número Koha 371
702 ## - Nombre personal - Responsabilidad secundaria
Elemento de entrada Sierra Casasús
Parte del nombre distinta del elemento de entrada Catalina
Fechas 1916-1996
Número Koha 2464
702 ## - Nombre personal - Responsabilidad secundaria
Elemento de entrada Yáñez Delgadillo
Parte del nombre distinta del elemento de entrada Agustín
Fechas 1904-1980
Número Koha 3220
801 #0 - Fuente de origen
País FR
Agencia cm
Reglas de catalogación (convenciones descriptivas) AFNOR
942 ## - ELEMENTOS DE ENTRADA SECUNDARIOS (KOHA)
Tipo de ítem Koha Livre
Exemplaires
Estatus retirado Estado de daño Estado de pérdida Fuente de la clasificación o esquema de estantería Fecha de adquisición Biblioteca de origen Biblioteca actual Código de barras Precio de reemplazo Signatura topográfica completa No para préstamo Tipo de ítem Koha Nota no pública
      Clasificación Decimal Dewey 06/02/2026 Casa México Paris Casa México Paris 003016 06/02/2026 F972.09 M181e No se presta a domicilio Livre 751145101